Statistics for Norges største byer A-Å

Click here to take the quiz!

General Stats

  • This quiz has been taken 224 times
  • The average score is 11 of 20

Answer Stats

BokstavBy% Correct
BBergen
98%
OOslo
96%
TTrondheim
91%
SStavanger
89%
KKristiansand
86%
ÅÅlesund
81%
DDrammen
79%
AArendal
66%
FFredrikstad
66%
LLarvik
61%
PPorsgrunn
51%
HHaugesund
48%
NNarvik
47%
MMoss
45%
GGjøvik
38%
JJessheim
31%
EElverum
27%
UUlsteinvik
14%
VVerdalsøra
10%
RRaufoss
7%

Score Distribution

Percentile by Number Answered

Percent of People with Each Score

Your Score History

You have not taken this quiz